000
00275nam a22001097a 4500
008
170123b xxu||||| |||| 00| 0 eng d
020
_a
9781591952138
041
_a
eng
080
_2
9TH
_a
618.2
245
_a
DRUG INFORMATION HANDBOOK OF NURSING
_c
TURKOSKI, B,B
942
_2
udc
_c
BK
999
_c
3368
_d
3368